[Event "18MCRE_F"]
[Site "?"]
[Date "2006.??.??"]
[Round "?"]
[White "Pravec, Ladislav"]
[Black "Privoznik, Lubos"]
[Result "1/2-1/2"]
[WhiteElo "2401"]
[BlackElo "2343"]
[PlyCount "59"]
[EventDate "2006.??.??"]
[EventType "corr"]

1. d4 Nf6 2. c4 g6 3. Nc3 Bg7 4. e4 d6 5. Be2 O-O 6. Nf3 Na6 7. O-O c6 8. Bf4
Nd7 9. Qd2 e5 10. Bh6 Qe7 11. Bxg7 Kxg7 12. Rad1 Re8 13. d5 c5 14. Ne1 f5 15.
f4 Nf6 16. Bd3 fxe4 17. Bxe4 exf4 18. Nf3 Nh5 19. Rde1 Qd8 20. Bc2 Nc7 21. Ne4
Bf5 22. Nfg5 Kg8 23. Bd1 Nf6 24. Qxf4 Nxe4 25. Rxe4 Rxe4 26. Nxe4 Bxe4 27. Qxe4
Qe8 28. Qf4 Qe7 29. Qf6 Qxf6 30. Rxf6 1/2-1/2

[Event "18MCRE_F"]
[Site "?"]
[Date "2006.??.??"]
[Round "?"]
[White "Pravec, Ladislav"]
[Black "Brousek, Jiri"]
[Result "1-0"]
[WhiteElo "2401"]
[BlackElo "2319"]
[PlyCount "95"]
[EventDate "2006.??.??"]
[EventType "corr"]

1. d4 e6 2. c4 f5 3. g3 Nf6 4. Bg2 c6 5. Nh3 d5 6. Qc2 Bd6 7. O-O O-O 8. Bf4
Be7 9. Nd2 Ng4 10. Nf3 Nd7 11. Nhg5 Ndf6 12. h3 Nh6 13. Rfd1 Ne4 14. Qc1 Bd7
15. a4 Bf6 16. c5 a5 17. Ra3 Bc8 18. Rb3 Ra6 19. h4 b6 20. Nxe4 fxe4 21. Ne5
bxc5 22. Qxc5 Nf5 23. e3 Be7 24. Qc2 Bd6 25. Rc1 Ne7 26. Bf1 Ra7 27. Bh3 c5 28.
dxc5 Bxe5 29. Bxe5 Nc6 30. Qc3 Qe8 31. Rb6 Nb4 32. Rf1 Nc6 33. Bg4 Ba6 34. Rc1
h5 35. Bh3 Be2 36. Bd6 Rf6 37. Qd2 Bd3 38. f4 Rg6 39. Kh2 Rf6 40. Qd1 Ra8 41.
Rxc6 Qxc6 42. Qxh5 Rh6 43. Qg5 Be2 44. Be5 Ra7 45. Qd8+ Kf7 46. Bd6 Qa8 47.
Qxa8 Rxa8 48. c6 1-0

[Event "18MCRE_F"]
[Site "?"]
[Date "2006.??.??"]
[Round "?"]
[White "Laurenc, Petr"]
[Black "Brousek, Jiri"]
[Result "1/2-1/2"]
[WhiteElo "2484"]
[BlackElo "2319"]
[PlyCount "88"]
[EventDate "2006.??.??"]
[EventType "corr"]

1. d4 e6 2. e4 d5 3. Nc3 Nf6 4. e5 Nfd7 5. f4 c5 6. Nf3 Nc6 7. Be3 cxd4 8. Nxd4
Bc5 9. Qd2 O-O 10. O-O-O a6 11. h4 Nxd4 12. Bxd4 b5 13. h5 b4 14. Ne2 a5 15.
Kb1 Qb6 16. g4 Ba6 17. Qe3 a4 18. Nc1 Rfc8 19. h6 g6 20. Bxa6 Qxa6 21. Rh2 Bxd4
22. Rxd4 Rab8 23. Nd3 Rc4 24. Re2 b3 25. a3 Rxd4 26. Qxd4 Rc8 27. Rd2 Rc4 28.
Qg1 Re4 29. g5 Qb5 30. Qc1 Kf8 31. Qd1 Nb6 32. cxb3 axb3 33. Nc1 Rxf4 34. Rd3
Nd7 35. Rxb3 Qa4 36. Qd2 Ke8 37. Ka2 Qc4 38. Kb1 Qd4 39. Qxd4 Rxd4 40. Nd3 Kd8
41. Kc2 Rg4 42. Rb7 Rxg5 43. a4 Kc8 44. Ra7 Rg2+ 1/2-1/2

[Event "18MCRE_F"]
[Site "?"]
[Date "2006.??.??"]
[Round "?"]
[White "Zahour, Jiri"]
[Black "Kuta, Jiri"]
[Result "1/2-1/2"]
[WhiteElo "2320"]
[BlackElo "2310"]
[PlyCount "79"]
[EventDate "2006.??.??"]
[EventType "corr"]

1. e4 c5 2. Nf3 Nc6 3. Bb5 e6 4. O-O Nge7 5. c3 a6 6. Ba4 b5 7. Bc2 Bb7 8. Re1
d5 9. a4 b4 10. d4 cxd4 11. cxd4 Rc8 12. Nbd2 Na5 13. e5 Nec6 14. Nf1 Qc7 15.
Re2 b3 16. Bxb3 Nxb3 17. Qxb3 Be7 18. Qd1 h6 19. Rc2 Qb6 20. Qd3 O-O 21. Bd2 a5
22. Rac1 Ba6 23. Qe3 Rc7 24. Bxa5 Qxa5 25. Rxc6 Rxc6 26. Rxc6 Qxa4 27. Rc7 Bd8
28. b3 Qa2 29. Rc6 Bb5 30. Rc5 Qa6 31. Rc1 Be7 32. Ng3 Bd3 33. Rc7 Ba3 34. Rc3
Bh7 35. h3 Bb4 36. Rc1 Rc8 37. Ne1 Rxc1 38. Qxc1 Qa5 39. Ne2 Qa2 40. Qd1
1/2-1/2

[Event "18MCRE_F"]
[Site "?"]
[Date "2006.??.??"]
[Round "?"]
[White "Zahour, Jiri"]
[Black "Pravec, Ladislav"]
[Result "1/2-1/2"]
[WhiteElo "2320"]
[BlackElo "2401"]
[PlyCount "81"]
[EventDate "2006.??.??"]
[EventType "corr"]

1. e4 c5 2. Nf3 d6 3. Bb5+ Bd7 4. Bxd7+ Nxd7 5. O-O Ngf6 6. Qe2 e6 7. b3 Be7 8.
Bb2 O-O 9. c4 a6 10. d4 cxd4 11. Nxd4 Qb6 12. Kh1 Rfe8 13. Nd2 Nc5 14. Rad1 Qa5
15. a3 Qc7 16. f4 Nfd7 17. Rf3 Bf6 18. Rg3 g6 19. Ba1 e5 20. fxe5 Bxe5 21. Rh3
f5 22. Qe3 f4 23. Qf3 Nf6 24. b4 Ne6 25. Nxe6 Rxe6 26. Bxe5 dxe5 27. c5 Rd8 28.
Qb3 Qc6 29. Rd3 Rxd3 30. Qxd3 Re7 31. Re1 Rd7 32. Qc3 Ng4 33. h3 Rd3 34. Qc4+
Kg7 35. Nf3 Nf2+ 36. Kg1 Nxh3+ 37. Kf1 Qd7 38. Nxe5 Rd2 39. Re2 Rd1+ 40. Re1
Rd2 41. Re2 1/2-1/2

[Event "18MCRE_F"]
[Site "?"]
[Date "2006.??.??"]
[Round "?"]
[White "Sochor, Frantisek"]
[Black "Toman, Antonin"]
[Result "1-0"]
[WhiteElo "2344"]
[BlackElo "2248"]
[PlyCount "85"]
[EventDate "2006.??.??"]
[EventType "corr"]

1. e4 e5 2. Nf3 Nc6 3. Nc3 Bc5 4. Nxe5 Nxe5 5. d4 Bd6 6. dxe5 Bxe5 7. Bd3 Bxc3+
8. bxc3 d6 9. O-O Ne7 10. f4 O-O 11. f5 f6 12. Rf3 Qe8 13. Be3 Nc6 14. Bc4+ Kh8
15. Rh3 Ne5 16. Bd5 a5 17. a3 Rb8 18. Qe1 g5 19. Ba7 Ra8 20. Bd4 c6 21. Ba2 b5
22. Rd1 c5 23. Bxe5 Qxe5 24. Rhd3 Ra6 25. h4 gxh4 26. a4 Qf4 27. axb5 Rb6 28.
Rh3 Rxb5 29. Rxh4 Qg5 30. Rd3 Rb7 31. Rg3 Qxh4 32. Rg8+ Rxg8 33. Qxh4 Rf8 34.
Bd5 Rg7 35. Qf4 Rd8 36. Qh6 Rf8 37. Kf2 a4 38. g4 a3 39. g5 Bb7 40. gxf6 Rgf7
41. Bxf7 Rxf7 42. Qc1 Rxf6 43. Ke3 1-0

[Event "18MCRE_F"]
[Site "?"]
[Date "2006.??.??"]
[Round "?"]
[White "Pravec, Ladislav"]
[Black "Prepiora, Vaclav"]
[Result "1/2-1/2"]
[WhiteElo "2401"]
[BlackElo "2484"]
[PlyCount "67"]
[EventDate "2006.??.??"]
[EventType "corr"]

1. d4 d5 2. c4 c6 3. e3 Nf6 4. Nc3 e6 5. Nf3 Nbd7 6. Bd3 dxc4 7. Bxc4 b5 8. Bd3
Bb7 9. O-O a6 10. e4 c5 11. d5 Qc7 12. dxe6 fxe6 13. Bc2 Bd6 14. Ng5 Nf8 15. f4
O-O-O 16. Qe2 h6 17. Nf3 Bxf4 18. Bxf4 Qxf4 19. g3 Qg4 20. e5 N6d7 21. a4 b4
22. Ne4 Nxe5 23. Qe3 Nxf3+ 24. Rxf3 Qh5 25. Raf1 Qe5 26. Nxc5 Nd7 27. Qxe5 Nxe5
28. Re3 Rd2 29. Be4 Bxe4 30. Rxe4 Nd7 31. Nxa6 b3 32. Rxe6 Rxb2 33. Rc1+ Rc2
34. Rxc2+ 1/2-1/2

[Event "18MCRE_F"]
[Site "?"]
[Date "2006.??.??"]
[Round "?"]
[White "Glaser, Karel"]
[Black "Pytlik, Lesek"]
[Result "1/2-1/2"]
[WhiteElo "2159"]
[BlackElo "2387"]
[PlyCount "80"]
[EventDate "2006.??.??"]
[EventType "corr"]

1. e4 e6 2. d4 d5 3. Nc3 Bb4 4. e5 c5 5. a3 Ba5 6. b4 cxd4 7. Qg4 Ne7 8. bxa5
dxc3 9. Qxg7 Rg8 10. Qxh7 Nbc6 11. Nf3 Qc7 12. Bf4 Bd7 13. a6 O-O-O 14. axb7+
Kb8 15. Qd3 Rg4 16. g3 Ng6 17. Qxc3 Nxf4 18. h3 Nxh3 19. Rxh3 d4 20. Qc5 Nxe5
21. Qxc7+ Kxc7 22. Nxe5 Re4+ 23. Kd2 Rxe5 24. Rb1 Bc6 25. Rh7 Rf5 26. f4 Bxb7
27. Bh3 Rf6 28. Bxe6 d3 29. c3 Rxe6 30. Rxf7+ Kc6 31. Rbxb7 Re2+ 32. Kd1 a5 33.
Rfc7+ Kd6 34. f5 Rg2 35. g4 Rxg4 36. Kd2 Rg3 37. c4 Rg2+ 38. Kxd3 Ke5+ 39. Rd7
Rxd7+ 40. Rxd7 Rg3+ 1/2-1/2

[Event "18MCRE_F"]
[Site "?"]
[Date "2006.??.??"]
[Round "?"]
[White "Bucek, Jiri"]
[Black "Zahour, Jiri"]
[Result "1-0"]
[WhiteElo "2348"]
[BlackElo "2320"]
[PlyCount "107"]
[EventDate "2006.??.??"]
[EventType "corr"]

1. d4 Nf6 2. c4 g6 3. Nc3 d5 4. cxd5 Nxd5 5. e4 Nxc3 6. bxc3 Bg7 7. Nf3 c5 8.
Rb1 O-O 9. Be2 b6 10. O-O Bb7 11. Qd3 Qc7 12. Bg5 Nd7 13. Qe3 Nf6 14. d5 Ng4
15. Qd2 Ne5 16. Rfe1 Nxf3+ 17. Bxf3 Be5 18. g3 Rad8 19. Be2 c4 20. Rb4 Ba6 21.
Bf4 f6 22. Rd1 e6 23. Bxe5 fxe5 24. Qe3 Rd6 25. Rb2 exd5 26. exd5 Qf7 27. Rbd2
Qf5 28. Bf1 Bb5 29. Re1 Re8 30. Bg2 a6 31. Rde2 Rf6 32. Qe4 Kf7 33. Qxf5 Rxf5
34. h4 Kf8 35. g4 Rf4 36. f3 Bd7 37. Rxe5 Rxe5 38. Rxe5 Rf6 39. g5 Rf5 40.
Rxf5+ Bxf5 41. Kf2 Ke7 42. Ke3 Kd6 43. Kd4 b5 44. f4 Bg4 45. Be4 Bd7 46. h5
gxh5 47. Bxh7 h4 48. Be4 Be8 49. f5 h3 50. g6 h2 51. a3 a5 52. Bf3 a4 53. Bh1
Kd7 54. Kc5 1-0

[Event "18MCRE_F"]
[Site "?"]
[Date "2006.??.??"]
[Round "?"]
[White "Postl, Rostislav"]
[Black "Pravec, Ladislav"]
[Result "0-1"]
[WhiteElo "2319"]
[BlackElo "2401"]
[PlyCount "102"]
[EventDate "2006.??.??"]
[EventType "corr"]

1. e4 c5 2. Nf3 d6 3. d4 cxd4 4. Nxd4 Nf6 5. Nc3 a6 6. Be3 g6 7. Be2 Bg7 8. O-O
O-O 9. a3 Nc6 10. f4 Bd7 11. Bf3 Rc8 12. Nb3 b5 13. Qe2 Re8 14. Rad1 Qc7 15.
Kh1 e5 16. f5 gxf5 17. exf5 e4 18. Bh5 b4 19. axb4 Nxb4 20. Bd4 d5 21. Nc5 Bc6
22. Bg4 Qe7 23. Bh3 Bb5 24. Nxb5 axb5 25. c3 Rxc5 26. cxb4 Rc4 27. b3 Rxb4 28.
Qe3 Rxd4 29. Qxd4 e3 30. Rfe1 e2 31. Rd3 Ne4 32. Qg1 Nc3 33. Qf2 h5 34. Rf3 Nd1
35. Qg3 h4 36. Qf4 Bf6 37. Rd3 d4 38. Rd2 Nc3 39. Bg4 Qe3 40. Qxe3 Rxe3 41.
Bxe2 Ne4 42. Red1 Nxd2 43. Rxd2 d3 44. Rxd3 Rxe2 45. Kg1 b4 46. g4 Rc2 47. Rf3
Bd4+ 48. Kh1 Kg7 49. g5 Rc3 50. Kg2 Be3 51. g6 fxg6 0-1

[Event "18MCRE_F"]
[Site "?"]
[Date "2006.??.??"]
[Round "?"]
[White "Pytlik, Lesek"]
[Black "Bucek, Jiri"]
[Result "1/2-1/2"]
[WhiteElo "2387"]
[BlackElo "2348"]
[PlyCount "48"]
[EventDate "2006.??.??"]
[EventType "corr"]

1. e4 c5 2. Nf3 Nc6 3. Bb5 Qb6 4. Nc3 e6 5. Bxc6 Qxc6 6. d4 cxd4 7. Nxd4 Qc7 8.
O-O a6 9. Re1 d6 10. Bf4 e5 11. Nd5 Qd8 12. Be3 Nf6 13. Nxf6+ Qxf6 14. Ne2 Be6
15. f4 g6 16. Rf1 Qe7 17. Nc3 Bh6 18. Qd2 exf4 19. Bxf4 Bxf4 20. Rxf4 O-O 21.
Rd1 Rad8 22. a3 Qc7 23. Qd4 Qc5 24. Nd5 Qxd4+ 1/2-1/2

[Event "18MCRE_F"]
[Site "?"]
[Date "2006.??.??"]
[Round "?"]
[White "Nejtek, Jiri"]
[Black "Bucek, Jiri"]
[Result "1/2-1/2"]
[WhiteElo "2360"]
[BlackElo "2348"]
[PlyCount "52"]
[EventDate "2006.??.??"]
[EventType "corr"]

1. e4 e5 2. Nf3 Nc6 3. Bb5 a6 4. Ba4 Nf6 5. O-O Be7 6. Re1 b5 7. Bb3 d6 8. c3
O-O 9. h3 Na5 10. Bc2 c5 11. d4 cxd4 12. cxd4 exd4 13. Nxd4 Re8 14. Nc3 Bd7 15.
b3 Rc8 16. Bb2 Nc6 17. Rc1 Ne5 18. Nf5 Bxf5 19. exf5 Qa5 20. Bb1 b4 21. Ne4
Rxc1 22. Qxc1 Qb5 23. Ng3 a5 24. Qd2 Qb8 25. Be4 Bd8 26. Rd1 Qc8 1/2-1/2

[Event "18MCRE_F"]
[Site "?"]
[Date "2006.??.??"]
[Round "?"]
[White "Zahour, Jiri"]
[Black "Valak, Alois"]
[Result "1/2-1/2"]
[WhiteElo "2320"]
[BlackElo "2333"]
[PlyCount "106"]
[EventDate "2006.??.??"]
[EventType "corr"]

1. e4 e5 2. Nf3 Nc6 3. Bb5 Nf6 4. O-O Nxe4 5. d4 Nd6 6. Bxc6 dxc6 7. dxe5 Nf5
8. Qxd8+ Kxd8 9. Nc3 Ne7 10. h3 Ng6 11. Bg5+ Ke8 12. Rad1 Bd7 13. a3 h6 14. Be3
Be7 15. Rd2 a6 16. Rfd1 Rd8 17. Ne2 Bc8 18. Rxd8+ Bxd8 19. b4 Be6 20. Nf4 Nxf4
21. Bxf4 Be7 22. Be3 Bf5 23. Nd4 Be4 24. c4 c5 25. bxc5 Bxc5 26. Ne6 fxe6 27.
Bxc5 b6 28. Bb4 Bc2 29. Rd2 Bb3 30. c5 bxc5 31. Bxc5 Bd5 32. Rd4 Kd7 33. Ra4
Ra8 34. f3 Kc6 35. Be3 h5 36. Kf2 a5 37. Kg3 Kb5 38. Rh4 g6 39. a4+ Ka6 40. Rf4
Rb8 41. h4 Rb2 42. Rf7 Kb7 43. Bc5 Rb4 44. Rf4 Rb2 45. Rf7 Kc6 46. Be7 Ra2 47.
Bd8 Rxa4 48. Rxc7+ Kb5 49. Rg7 Ra1 50. Rxg6 a4 51. Be7 a3 52. Bxa3 Rxa3 53. Rh6
Kc5 1/2-1/2

[Event "18MCRE_F"]
[Site "?"]
[Date "2006.??.??"]
[Round "?"]
[White "Sykora, Josef"]
[Black "Postl, Rostislav"]
[Result "1-0"]
[WhiteElo "2389"]
[BlackElo "2319"]
[PlyCount "107"]
[EventDate "2006.??.??"]
[EventType "corr"]

1. e4 c5 2. Nf3 d6 3. d4 cxd4 4. Nxd4 Nf6 5. Nc3 a6 6. f3 e5 7. Nb3 Be6 8. Be3
Be7 9. Qd2 O-O 10. O-O-O Nbd7 11. g4 b5 12. g5 Nh5 13. Nd5 Bxd5 14. exd5 Qc7
15. Na5 Nf4 16. Bxf4 exf4 17. Nc6 Bxg5 18. h4 Bf6 19. Qxf4 Ne5 20. Bd3 Rfe8 21.
Be4 Nc4 22. b3 Be5 23. Nxe5 Nxe5 24. Kb1 Rac8 25. h5 Qc3 26. Qf5 g6 27. hxg6
fxg6 28. Qf6 Nf7 29. Qh4 Qg7 30. Bf5 Rc7 31. Be6 a5 32. f4 a4 33. Rd3 a3 34. c3
b4 35. f5 bxc3 36. f6 g5 37. Rg1 h6 38. fxg7 c2+ 39. Kc1 gxh4 40. Rd4 Rce7 41.
Rxh4 Rxe6 42. dxe6 Rxe6 43. Ra4 Ng5 44. Ra7 Re8 45. Kxc2 Rc8+ 46. Kd3 Nf3 47.
Rf1 Ne5+ 48. Ke4 h5 49. Kd5 Ng4 50. Kxd6 Rd8+ 51. Ke7 Rd2 52. Rf7 Re2+ 53. Kd8
Rf2 54. Rxf2 1-0

[Event "18MCRE_F"]
[Site "?"]
[Date "2006.??.??"]
[Round "?"]
[White "Pytlik, Lesek"]
[Black "Brousek, Jiri"]
[Result "1/2-1/2"]
[WhiteElo "2387"]
[BlackElo "2319"]
[PlyCount "84"]
[EventDate "2006.??.??"]
[EventType "corr"]

1. e4 e6 2. d4 d5 3. Nc3 Nf6 4. Bg5 dxe4 5. Nxe4 Be7 6. Bxf6 gxf6 7. Nf3 Rg8 8.
Qd2 Qd5 9. Nc3 Qa5 10. O-O-O Bb4 11. g3 Nd7 12. Bd3 Nb6 13. a3 Bxc3 14. Qxc3
Qxc3 15. bxc3 h6 16. Be4 Ke7 17. Rhe1 Rb8 18. Nd2 Bd7 19. c4 Na4 20. Re3 b5 21.
cxb5 Bxb5 22. f4 Rgd8 23. Rde1 Rxd4 24. g4 Nb6 25. Rh3 Rg8 26. Rh5 c6 27. h3
Ra4 28. Nb1 a6 29. Rxh6 Nc4 30. Rh7 Nxa3 31. Nc3 Rb4 32. Bf5 Kd6 33. Be4 f5 34.
gxf5 Rg3 35. fxe6 fxe6 36. Bd3 Bxd3 37. cxd3 Rxd3 38. Ne4+ Kd5 39. Rd7+ Kc4 40.
Nd2+ Kc3 41. Rxd3+ Kxd3 42. Rxe6 Nb5 1/2-1/2

[Event "18MCRE_F"]
[Site "?"]
[Date "2006.??.??"]
[Round "?"]
[White "Zatrapa, Petr"]
[Black "Glaser, Karel"]
[Result "1/2-1/2"]
[WhiteElo "2321"]
[BlackElo "2159"]
[PlyCount "67"]
[EventDate "2006.??.??"]
[EventType "corr"]

1. e4 e5 2. f4 exf4 3. Bc4 Nf6 4. Nc3 c6 5. d4 Bb4 6. e5 Ne4 7. Kf1 Nxc3 8.
bxc3 Bxc3 9. Ba3 b5 10. Bd6 h5 11. Bb3 Bxa1 12. Nf3 Na6 13. Qxa1 Nc7 14. Qc1
Ne6 15. h4 a5 16. Bxe6 dxe6 17. Qxf4 f5 18. Rh3 Kf7 19. Rg3 Ra7 20. Kg1 Bd7 21.
Ng5+ Kg8 22. a3 Rb7 23. Nh3 Be8 24. Nf2 Rd7 25. Nd3 Ra7 26. Nc5 Bf7 27. c3 Kh7
28. Kh2 g6 29. Rg5 Qe8 30. Kh3 Rg8 31. Qf3 Rg7 32. Nd3 Qd7 33. Nf4 Ra8 34. Nd3
1/2-1/2

[Event "18MCRE_F"]
[Site "?"]
[Date "2006.??.??"]
[Round "?"]
[White "Prepiora, Vaclav"]
[Black "Valak, Alois"]
[Result "1-0"]
[WhiteElo "2414"]
[BlackElo "2333"]
[PlyCount "99"]
[EventDate "2006.??.??"]
[EventType "corr"]

1. e4 e5 2. Nf3 Nc6 3. Bb5 Nf6 4. O-O Nxe4 5. Re1 Nd6 6. Nxe5 Be7 7. Bf1 Nxe5
8. Rxe5 O-O 9. d4 Ne8 10. c4 d5 11. Rxd5 Bd6 12. Rh5 Nf6 13. Rh4 h6 14. Nc3 Re8
15. h3 c6 16. Bd3 Bb8 17. a4 c5 18. dxc5 Bf5 19. Bf1 Nd7 20. g3 Be5 21. Nd5
Nxc5 22. Ra3 Bg6 23. Re3 f5 24. Bg2 Ne4 25. b3 Bf6 26. Nxf6+ Qxf6 27. Qe2 Rad8
28. Kh2 a5 29. Rf4 Qd6 30. h4 h5 31. Bf3 Re6 32. Kg2 Qc6 33. Rd3 Rxd3 34. Qxd3
Rd6 35. Qc2 Rd8 36. Qe2 Rd6 37. Be3 Kh7 38. c5 Re6 39. Kh2 Kg8 40. Qd1 Re8 41.
Bxh5 Bxh5 42. Qxh5 g6 43. Qf3 Nf6 44. Qxc6 bxc6 45. Bd2 Rb8 46. Rf3 Ra8 47. Bg5
Nd5 48. h5 Kg7 49. Bd2 Ra7 50. Kh3 1-0

[Event "18MCRE_F"]
[Site "?"]
[Date "2006.??.??"]
[Round "?"]
[White "Zatrapa, Petr"]
[Black "Postl, Rostislav"]
[Result "1-0"]
[WhiteElo "2321"]
[BlackElo "2319"]
[PlyCount "91"]
[EventDate "2006.??.??"]
[EventType "corr"]

1. e4 c5 2. Nf3 d6 3. d4 cxd4 4. Nxd4 Nf6 5. Nc3 a6 6. f3 e5 7. Nb3 Be6 8. Be3
Be7 9. Qd2 O-O 10. O-O-O Nbd7 11. g4 b5 12. g5 Nh5 13. Nd5 Bxd5 14. exd5 b4 15.
Kb1 a5 16. Bb5 a4 17. Nc1 Nc5 18. Qxb4 a3 19. b3 Bxg5 20. Bxc5 dxc5 21. Qxc5
Nf4 22. Bc6 Ra5 23. Qb4 Bh4 24. Rd2 Ra6 25. Nd3 Nxd3 26. Rxd3 Qf6 27. c3 Qg6
28. Rhd1 Bg5 29. Qb5 Ra7 30. Qb6 Rd7 31. Qc5 Rc8 32. Qxa3 Rd6 33. Qa4 Bf4 34.
b4 Bxh2 35. c4 Bg1 36. c5 Rdd8 37. Qc2 Qg5 38. b5 Bd4 39. a4 Rb8 40. Rb3 Qe7
41. d6 Qe6 42. Rdd3 h5 43. a5 h4 44. a6 Qh6 45. a7 h3 46. axb8=Q 1-0

[Event "18MCRE_F"]
[Site "?"]
[Date "2006.??.??"]
[Round "?"]
[White "Pytlik, Lesek"]
[Black "Pravec, Ladislav"]
[Result "1/2-1/2"]
[WhiteElo "2387"]
[BlackElo "2401"]
[PlyCount "78"]
[EventDate "2006.??.??"]
[EventType "corr"]

1. e4 c5 2. Nf3 d6 3. d4 cxd4 4. Nxd4 Nf6 5. Nc3 a6 6. Bg5 e6 7. f4 Qb6 8. Nb3
Be7 9. Qf3 Nbd7 10. O-O-O Qc7 11. Bd3 b5 12. Kb1 b4 13. Ne2 Bb7 14. Ned4 Nc5
15. Rhe1 Nxd3 16. Qxd3 O-O 17. g4 Nxg4 18. Bxe7 Qxe7 19. Rg1 Nf6 20. e5 dxe5
21. fxe5 Ne8 22. Rg3 Bd5 23. Rdg1 f5 24. Rh3 g6 25. Nf3 Rd8 26. Qxa6 Ra8 27.
Qb6 f4 28. Ng5 Qa7 29. Qxa7 Rxa7 30. Nd4 Bxa2+ 31. Kc1 Bc4 32. Nc6 f3 33. Nxa7
f2 34. Rhg3 f1=R+ 35. Rxf1 Rxf1+ 36. Kd2 Rf2+ 37. Kc1 Rf1+ 38. Kd2 Rf2+ 39. Kc1
Rf1+ 1/2-1/2

[Event "18MCRE_F"]
[Site "?"]
[Date "2006.??.??"]
[Round "?"]
[White "Brousek, Jiri"]
[Black "Prepiora, Vaclav"]
[Result "1/2-1/2"]
[WhiteElo "2319"]
[BlackElo "2414"]
[PlyCount "158"]
[EventDate "2006.??.??"]
[EventType "corr"]

1. d4 Nf6 2. Nf3 g6 3. Nc3 d5 4. Bf4 Bg7 5. e3 O-O 6. Be2 Bg4 7. Ne5 Bxe2 8.
Qxe2 c5 9. Qb5 cxd4 10. exd4 Qb6 11. Qxb6 axb6 12. Ne2 Re8 13. c3 Nc6 14. h3
Ne4 15. f3 Nd6 16. Nd3 Nc4 17. Kf2 f6 18. b3 Na3 19. Rhc1 e5 20. Be3 b5 21.
dxe5 fxe5 22. Bc5 h6 23. Nb4 Red8 24. Nd3 Rd7 25. h4 Rf7 26. Ke3 Bf6 27. g3 Be7
28. Bxe7 Rxe7 29. Nb4 d4+ 30. Kd3 Rc8 31. Nd5 Rf7 32. cxd4 Rd8 33. Rc5 Rxf3+
34. Ke4 Rf2 35. Ke3 Rf5 36. Kd2 Kf7 37. Ne3 Rf2 38. d5 Nd4 39. Rf1 Rxf1 40.
Rc7+ Kf8 41. Nxf1 Ne6 42. Rxb7 Nc5 43. Ra7 Rxd5+ 44. Kc3 Ne4+ 45. Kb2 b4 46.
Ra4 Nc5 47. Rxb4 Nd3+ 48. Kxa3 Nxb4 49. Kxb4 Rd1 50. Nh2 Rd2 51. Nc3 Rxh2 52.
a4 Ke7 53. a5 Kd7 54. Kc4 Rg2 55. Ne4 Kc6 56. b4 Rc2+ 57. Nc3 Rc1 58. b5+ Kb7
59. Kb4 h5 60. a6+ Kb6 61. Nd5+ Ka7 62. Nc3 Rc2 63. Kb3 Rg2 64. Ne4 Re2 65. Nd6
e4 66. Nc8+ Ka8 67. Kc3 e3 68. Kd3 Rb2 69. Nb6+ Ka7 70. Nc8+ Kb8 71. a7+ Ka8
72. Kxe3 Rxb5 73. Ke4 Rb7 74. Kf4 Rc7 75. Nb6+ Kxa7 76. Nd5 Rc4+ 77. Ke5 Rg4
78. Kf6 Rxg3 79. Ne7 g5 1/2-1/2

[Event "18MCRE_F"]
[Site "?"]
[Date "2006.??.??"]
[Round "?"]
[White "Valak, Alois"]
[Black "Laurenc, Petr"]
[Result "1-0"]
[WhiteElo "2333"]
[BlackElo "2484"]
[PlyCount "89"]
[EventDate "2006.??.??"]
[EventType "corr"]

1. e4 c5 2. Nf3 d6 3. d4 cxd4 4. Nxd4 Nf6 5. Nc3 a6 6. f4 e5 7. Nb3 Nbd7 8. Be3
b5 9. a4 b4 10. Nd5 Bb7 11. Nxf6+ Nxf6 12. Bd3 exf4 13. Bd4 Nxe4 14. O-O d5 15.
Qh5 Qc7 16. c3 h6 17. Rae1 g6 18. Qf3 Rh7 19. c4 Be7 20. cxd5 Ng5 21. Qxf4 Qxf4
22. Rxf4 Bxd5 23. Nc5 f5 24. h4 Ne4 25. h5 Nxc5 26. hxg6 Nxd3 27. gxh7 Kd7 28.
Rxe7+ Kxe7 29. Rh4 Be6 30. Rxh6 Kd6 31. Bg7 Kd5 32. a5 Rc8 33. h8=Q Rxh8 34.
Rxh8 Kc4 35. Rd8 Nc5 36. Rd4+ Kb5 37. Bf8 Bc4 38. Rf4 Be6 39. Rh4 Ne4 40. Rh6
Ba2 41. Rb6+ Kxa5 42. Rxb4 Bd5 43. Be7 Bc6 44. b3 Nc3 45. Rc4 1-0

[Event "18MCRE_F"]
[Site "?"]
[Date "2006.??.??"]
[Round "?"]
[White "Kuta, Jiri"]
[Black "Prchly, Milos"]
[Result "1/2-1/2"]
[WhiteElo "2310"]
[BlackElo "2269"]
[PlyCount "59"]
[EventDate "2006.??.??"]
[EventType "corr"]

1. d4 Nf6 2. c4 e6 3. Nf3 b6 4. a3 Bb7 5. Nc3 d5 6. cxd5 Nxd5 7. Qc2 Nxc3 8.
bxc3 Nd7 9. e4 c5 10. Bf4 cxd4 11. cxd4 Rc8 12. Qb1 Be7 13. Bd3 O-O 14. O-O Rc3
15. Rc1 Rxc1+ 16. Bxc1 e5 17. d5 Nc5 18. Bc4 Qc7 19. Be3 Rc8 20. Bf1 f5 21. Qa2
Bd6 22. exf5 Qf7 23. Ng5 Qxf5 24. g3 h6 25. Bh3 Qd3 26. Bxc8 Bxc8 27. Bxc5 bxc5
28. Ne6 Bb7 29. Nc7 Bxc7 30. d6+ 1/2-1/2

[Event "18MCRE_F"]
[Site "?"]
[Date "2006.??.??"]
[Round "?"]
[White "Sochor, Frantisek"]
[Black "Nejtek, Jiri"]
[Result "1/2-1/2"]
[WhiteElo "2344"]
[BlackElo "2360"]
[PlyCount "85"]
[EventDate "2006.??.??"]
[EventType "corr"]

1. e4 c5 2. Nf3 d6 3. d4 cxd4 4. Nxd4 Nf6 5. Nc3 a6 6. Be2 e5 7. Nb3 Be7 8. O-O
O-O 9. Be3 Be6 10. Qd2 Nbd7 11. a4 Rc8 12. a5 Qc7 13. Rfc1 Qc6 14. Bf3 Bc4 15.
Ra4 Rfe8 16. h3 Be6 17. Rb4 Qc7 18. Nd5 Nxd5 19. exd5 Bf5 20. Be2 Bg6 21. Rc4
Qb8 22. Rxc8 Qxc8 23. c4 Qd8 24. c5 Nxc5 25. Nxc5 dxc5 26. Bxc5 Bg5 27. Be3
Bxe3 28. fxe3 Qd6 29. Rc4 Rd8 30. e4 b5 31. axb6 Qxb6+ 32. Kh2 f6 33. Qc3 h5
34. Bf3 Qf2 35. Rc8 Rxc8 36. Qxc8+ Kf7 37. Qb7+ Kg8 38. d6 h4 39. Qb3+ Kf8 40.
Qb4 Ke8 41. Qb8+ Kf7 42. Qc7+ Kf8 43. Qd8+ 1/2-1/2

[Event "18MCRE_F"]
[Site "?"]
[Date "2006.??.??"]
[Round "?"]
[White "Pravec, Ladislav"]
[Black "Zatrapa, Petr"]
[Result "1/2-1/2"]
[WhiteElo "2401"]
[BlackElo "2321"]
[PlyCount "60"]
[EventDate "2006.??.??"]
[EventType "corr"]

1. d4 Nf6 2. c4 g6 3. Nc3 Bg7 4. e4 d6 5. Be2 O-O 6. Nf3 e5 7. O-O Nc6 8. d5
Ne7 9. Ne1 Nd7 10. f3 f5 11. Be3 f4 12. Bf2 g5 13. Rc1 Ng6 14. b4 Nf6 15. c5
Rf7 16. cxd6 cxd6 17. a4 Bf8 18. a5 Bd7 19. Nb5 g4 20. Nc7 g3 21. hxg3 fxg3 22.
Bxg3 Bh6 23. Nxa8 Nh5 24. Bf2 Bxc1 25. Qxc1 Ngf4 26. Qc2 Qg5 27. g4 Qh6 28. a6
Ba4 29. Qa2 Nh3+ 30. Kh1 N5f4 1/2-1/2

[Event "18MCRE_F"]
[Site "?"]
[Date "2006.??.??"]
[Round "?"]
[White "Nejtek, Jiri"]
[Black "Privoznik, Lubos"]
[Result "0-1"]
[WhiteElo "2360"]
[BlackElo "2343"]
[PlyCount "49"]
[EventDate "2006.??.??"]
[EventType "corr"]

1. e4 d6 2. d4 Nf6 3. Nc3 g6 4. Nf3 Bg7 5. Be2 O-O 6. O-O c6 7. a4 a5 8. h3 Qc7
9. Be3 e5 10. Re1 exd4 11. Bxd4 Re8 12. Bc4 Be6 13. e5 Bxc4 14. exf6 Rxe1+ 15.
Qxe1 Bf8 16. b3 Be6 17. Ng5 Qd7 18. Qd2 h6 19. Nge4 Na6 20. Ng3 d5 21. Nce2 c5
22. Be3 Kh7 23. Qxa5 d4 24. Bc1 Re8 25. Qd2 0-1

[Event "18MCRE_F"]
[Site "?"]
[Date "2006.??.??"]
[Round "?"]
[White "Prepiora, Vaclav"]
[Black "Nejtek, Jiri"]
[Result "1/2-1/2"]
[WhiteElo "2414"]
[BlackElo "2360"]
[PlyCount "77"]
[EventDate "2006.??.??"]
[EventType "corr"]

1. e4 c5 2. Nf3 d6 3. d4 cxd4 4. Nxd4 Nf6 5. Nc3 a6 6. Be2 e5 7. Nb3 Be7 8. O-O
O-O 9. Qd3 Be6 10. Nd5 Bxd5 11. exd5 Nbd7 12. a4 Rc8 13. c4 e4 14. Qe3 Ne5 15.
Nd2 Re8 16. b3 Bf8 17. a5 g6 18. Ra2 Neg4 19. Qf4 Bh6 20. Qg3 e3 21. Bxg4 Nxg4
22. Qxg4 exd2 23. Bb2 b5 24. Qd4 f6 25. Bc3 Re2 26. Bxd2 bxc4 27. bxc4 Rxd2 28.
Rxd2 Bxd2 29. Qxd2 Rxc4 30. h3 Rc5 31. Rb1 Rxa5 32. Rb7 Rb5 33. Ra7 Qb8 34.
Rxa6 Rb6 35. Ra3 Rb3 36. Ra2 Qe8 37. Qa5 Rb7 38. Ra1 Kg7 39. Re1 1/2-1/2

[Event "18MCRE_F"]
[Site "?"]
[Date "2006.??.??"]
[Round "?"]
[White "Glaser, Karel"]
[Black "Nejtek, Jiri"]
[Result "1-0"]
[WhiteElo "2159"]
[BlackElo "2360"]
[PlyCount "77"]
[EventDate "2006.??.??"]
[EventType "corr"]

1. e4 c5 2. Nf3 d6 3. d4 cxd4 4. Nxd4 Nf6 5. Nc3 a6 6. Be3 e6 7. Be2 Be7 8. a4
Nc6 9. O-O O-O 10. f4 Qc7 11. Kh1 Re8 12. Bf3 Na5 13. Nde2 Nc4 14. Bc1 Rb8 15.
b3 Na5 16. Qe1 Nc6 17. Bb2 Nb4 18. Rc1 b6 19. Qg3 Rd8 20. e5 dxe5 21. fxe5 Ne8
22. Bg4 g6 23. Qf4 Bf8 24. Ne4 Rb7 25. Ng5 Bh6 26. h4 Nd5 27. Qf3 Qe7 28. Rcd1
Bxg5 29. hxg5 b5 30. axb5 axb5 31. Nd4 Qxg5 32. Nxb5 h5 33. Bh3 Ne3 34. Rxd8
Qxd8 35. Qxe3 Rxb5 36. Kh2 Ng7 37. c4 Rb8 38. Rf3 Bb7 39. Rf6 1-0